000 00535nam a2200169 4500
001 120830
003 ES-MaACL
005 20230906191630.0
007 t|
008 070214s1973 sp r ||||1| spa d
100 1 _aPoloujadoff, M.
_992887
245 1 0 _aTratamiento de la energía eléctrica /
_cM. Poloujadoff ; traducción de Juan Furió Muñoz.
260 _aBarcelona :
_bMarcombo,
_c1973.
300 _aXVI, 180 p., 3 lám. :
_bil. ;
_c21 cm.
700 1 _aFurió Muñoz, Juan.
_953041
852 _aES-MaACL
_jC-54339
_bR.87265
999 _c120830
_d120830